Inversiones norteamericanas en la economía de la América Latina
Gespeichert in:
| Hauptverfasser: | , |
|---|---|
| Format: | Buch |
| Sprache: | Spanisch |
| Veröffentlicht: |
Ciudad de México
FMI
1968
Ciudad de México BID 1968 Ciudad de México CEMLA 1968 |
| Schriftenreihe: | Biblioteca Financiera
|
| Schlagworte: | |
| Tags: |
Tag hinzufügen
Keine Tags, Fügen Sie den ersten Tag hinzu!
|
MARC
| LEADER | 00000nam a2200000 a 4500 | ||
|---|---|---|---|
| 001 | UCT8581 | ||
| 003 | CL-VaPUC | ||
| 008 | 970326e19680000mx |||||||||||||||||spa|d | ||
| 082 | 0 | 4 | |a 332.673 |b PIZ |2 21 |
| 100 | 0 | |a Pizer, Samuel |e author |9 380375 | |
| 700 | 0 | |a Cutler, Frederick |e author |9 380376 | |
| 245 | 1 | 0 | |a Inversiones norteamericanas en la economía de la América Latina |
| 300 | |a 240 p | ||
| 942 | |c BK | ||
| 945 | |d 19970326 00:00:00 |a paguirre | ||
| 260 | |a Ciudad de México |b FMI |c 1968 | ||
| 260 | |a Ciudad de México |b BID |c 1968 | ||
| 260 | |a Ciudad de México |b CEMLA |c 1968 | ||
| 650 | 0 | |a Inversiones |9 261520 | |
| 650 | 0 | |a Inversiones extranjeras |9 255451 | |
| 650 | 7 | |a FONDOS EXTRANJEROS |2 CL-VaPUC |9 358665 | |
| 650 | 0 | |a Cooperación internacional |9 255447 | |
| 650 | 0 | |a Empresas |9 255569 | |
| 650 | 0 | |a Industrias |9 263688 | |
| 650 | 0 | |a Análisis de la inversión |9 380377 | |
| 651 | 0 | |a América Latina |9 255027 | |
| 651 | 0 | |a Estados Unidos |9 255178 | |
| 583 | |a last modification |c 20171011 10:53:36 |k Rodrigo Vera | ||
| 490 | 0 | |a Biblioteca Financiera | |
| 999 | |c 257070 |d 257068 | ||
| 952 | |0 0 |1 0 |4 0 |6 332_673000000000000_PIZ_1968_1968_1968 |7 0 |8 P |9 280307 |a BIBDER |b BIBDER |d 2019-11-19 |i 1813285 |o 332.673 PIZ 1968 1968 1968 |p 1813285 |r 2023-01-25 |w 2019-11-19 |y BK |k DER | ||